header

z/OS Intelligent Resource Director (Record no. 106519)

MARC details
000 -LEADER
fixed length control field 01427nam a2200361Ia 4500
245 00 - TITLE STATEMENT
Title z/OS Intelligent Resource Director
250 ## - EDITION STATEMENT
Edition statement 1st ed.
260 ## - PUBLICATION, DISTRIBUTION, ETC. (IMPRINT)
Place of publication San Jose, CA :
Name of publisher IBM International Technical Support Organization,
Year of publication 2001.
300 ## - PHYSICAL DESCRIPTION
Number of Pages xii, 412 p. :
Other physical details ill.
490 1# - SERIES STATEMENT
Series statement IBM redbooks
500 ## - GENERAL NOTE
General note Includes index.
General note "SG24-5952-00."
General note "This edition applies to Version 1 Release 1 of z/OS, Program Number 5694-A01."
650 #0 - SUBJECT ADDED ENTRY--TOPICAL TERM
Topical Term Computer networks
Topical Term IBM software.
Topical Term Systems software.
856 40 - ELECTRONIC LOCATION AND ACCESS
Uniform Resource Identifier http://site.ebrary.com/lib/rucke/Doc?id=10112156

No items available.

© 2026 Rongo University
Contact us: librarian | system librarian | Rongo university